[Event "Mirandola Giovanni Pico op 1st"]
[Site "Mirandola"]
[Date "2008.01.12"]
[Round "2"]
[White "Castellano, Alfonso"]
[Black "Ricci Petitoni, Angelo"]
[Result "1-0"]
[WhiteElo "1936"]
[BlackElo "1374"]
[PlyCount "51"]
[EventDate "2008.01.11"]
[EventType "swiss"]
[EventRounds "5"]
[EventCountry "ITA"]
[SourceTitle "EXT 2009"]
[Source "ChessBase"]
[SourceDate "2008.11.26"]
[SourceVersion "1"]
[SourceVersionDate "2008.11.26"]
[SourceQuality "1"]

1. c4 Nf6 2. Nc3 e6 3. e4 Nc6 4. Nf3 d6 5. d4 g6 6. Bg5 Bg7 7. Qc1 e5 8. d5 Ne7 9. h3 a6 10. Bd3 0-0 11. b4 b6 12. c5 c6 13. dxc6 Nxc6 14. Nd5 dxc5 15. bxc5 b5 16. 0-0 Be6 17. Rd1 Ra7 18. Bxb5 Bxd5 19. Bxc6 Qc8 20. exd5 Nd7 21. Bh6 f6 22. Bxg7 Kxg7 23. Bxd7 Rxd7 24. c6 Rd6 25. Rb1 Rfd8 26. Rb7+ 1-0

[Event "Mirandola Giovanni Pico op 1st"]
[Site "Mirandola"]
[Date "2008.01.12"]
[Round "3"]
[White "Ricci Petitoni, Angelo"]
[Black "Dionigi, Riccardo"]
[Result "0-1"]
[WhiteElo "1374"]
[BlackElo "1554"]
[PlyCount "76"]
[EventDate "2008.01.11"]
[EventType "swiss"]
[EventRounds "5"]
[EventCountry "ITA"]
[SourceTitle "EXT 2009"]
[Source "ChessBase"]
[SourceDate "2008.11.26"]
[SourceVersion "1"]
[SourceVersionDate "2008.11.26"]
[SourceQuality "1"]

1. Nf3 d5 2. d3 Nf6 3. g3 Bf5 4. Bg2 e6 5. 0-0 c5 6. Nbd2 Nc6 7. Ne1 Bd6 8. Kh1 Qc7 9. Nef3 0-0-0 10. Nh4 Bg6 11. a3 Ne5 12. f4 Neg4 13. Ndf3 Qb6 14. c3 c4 15. d4 Ne4 16. Qe1 f5 17. Ne5 Nxe5 18. fxe5 Be7 19. Nf3 h5 20. Nh4 Bf7 21. Bxe4 dxe4 22. Ng2 Rdg8 23. Ne3 Qc6 24. Rg1 Rh7 25. Qf1 Rgh8 26. Bd2 g6 27. Be1 Bg5 28. Bf2 Kb8 29. Qh3 h4 30. g4 f4 31. Nxc4 Qxc4 32. Qf1 Qc6 33. Be1 h3 34. Rd1 e3+ 35. Qf3 Qxf3+ 36. exf3 Be8 37. c4 Ba4 38. Rb1 Bc6 0-1